FUNDAMENTALS OF ORTHOPAEDICS (Record no. 801813)

MARC details
000 -LEADER
fixed length control field 00357pam a2200145 a 4500
020 ## - INTERNATIONAL STANDARD BOOK NUMBER
International Standard Book Number 9789351529576
Terms of availability
041 ## - LANGUAGE CODE
Language code of text/sound track or separate title eng
082 ## - DEWEY DECIMAL CLASSIFICATION NUMBER
Classification number 617.3
Item number MAH
100 ## - MAIN ENTRY--PERSONAL NAME
Personal name MAHINDRA M. .
245 ## - TITLE STATEMENT
Title FUNDAMENTALS OF ORTHOPAEDICS
Medium Textual Documents
260 ## - PUBLICATION, DISTRIBUTION, ETC.
Name of publisher, distributor, etc. JAYPEE BROTHERS MEDICAL PUB.
Date of publication, distribution, etc. 2016
300 ## - PHYSICAL DESCRIPTION
Extent 458:
Other physical details XIX;
Dimensions PB.
650 ## - SUBJECT ADDED ENTRY--TOPICAL TERM
Topical term or geographic name entry element ORTHO
930 ## - EQUIVALENCE OR CROSS-REFERENCE-UNIFORM TITLE HEADING [LOCAL, CANADA]
Uniform title 7286
Holdings
Withdrawn status Lost status Damaged status Not for loan Home library Current library Date acquired Source of acquisition Cost, normal purchase price Total Checkouts Full call number Barcode Date last seen Copy number Price effective from Koha item type
        Medical College & Hospital, Sangli Medical College & Hospital, Sangli 07/10/2016 B.M.S.G.B.PUNE 875.00   617.3 MAH MCS-13149 26/07/2023 1 26/07/2023 Book